Movies Quiz

Random Movies or Halloween Quiz

Scream Queens Quiz Stats

 Plays Quiz Updated Oct 24, 2012

Also try: What a Drag
Challenge
Share
Tweet
Score 0/20 Timer 04:00
0 Plays Today
% Correct
Kathy Bates
83.5%
Jodie Foster
82.6%
Sigourney Weaver
72.5%
Jamie Lee Curtis
71.3%
Neve Campbell
70.8%
Nicole Kidman
69.4%
Sissy Spacek
62.8%
Janet Leigh
60%
Linda Blair
52.1%
Jennifer Love Hewitt
51.6%
% Correct
Mia Farrow
48.1%
Shelley Duvall
47.3%
Bette Davis
46%
Milla Jovovich
38.4%
Tippi Hedren
32%
Naomi Watts
25.9%
Fay Wray
19.9%
Adrienne Barbeau
15.5%
Heather Langenkamp
11.3%
Heather Donahue
8.9%

You're not logged in!

Compare scores with friends on all Sporcle quizzes.
OR
Log In

You Might Also Like...

Show Comments

Extras

Top Quizzes Today


Score Distribution

Your Account Isn't Verified!

In order to create a playlist on Sporcle, you need to verify the email address you used during registration. Go to your Sporcle Settings to finish the process.

Report this User

Report this user for behavior that violates our Community Guidelines.

Details: